| 000 | 02531nam a2200349 i 4500 | ||
|---|---|---|---|
| 999 |
_c66539 _d66539 |
||
| 001 | 768714001 | ||
| 003 | CO-MdFUSB | ||
| 005 | 20200806152319.0 | ||
| 007 | cr aa aaaaa | ||
| 008 | 200717t2020 us |||| |||| 00| 0 spa d | ||
| 020 | _a9781535983617 | ||
| 040 |
_aCO-MdFUSB _bspa _cCO-MdFUSB _dCO-MdFUSBC _erda |
||
| 041 | _aspa | ||
| 082 |
_223 _a232.954 |
||
| 100 |
_a Vidal Manzanares, César _eautor |
||
| 245 | 1 |
_aMás que un rabino : _bla vida y enseñanzas de Jesús el judío _c/ César Vidal Manzanares _h[electrónico] |
|
| 264 | 1 |
_aNashville, TN : _bB & H Español, _c[2020] |
|
| 264 | 4 | _c© 2020 | |
| 300 | _c; | ||
| 336 |
_2rdacontent _asonidos _btxt |
||
| 337 |
_2rdamedia _ainformático _bc |
||
| 338 |
_2rdacarrier _aremoto _bcr |
||
| 505 | _aÍndice De Abreviaturas. -- Introducción. -- Capítulo I. «Vino Un Hombre Llamado Juan…» -- Capítulo II. El Primer Rechazo Del Poder Y Los Primeros Discípulos. -- Capítulo III. El Gran Ministerio Galileo. -- Capítulo IV. El Mayor Maestro De Parábolas. --Capítulo V. La Compasión Del Mesías. -- Capítulo VI. Los Doce. -- Capítulo VII. La Enseñanza Para Los Discípulos. -- Capítulo VIII. El Hombre Que No Quiso Ser Ese Rey. -- Capítulo IX. Seguimiento Y Rechazo. -- Capítulo X. Más Que Un Rabino (I). -- Capítulo XI. Más Que Un Rabino (II) El Mesías Y El Hijo De Dios. -- Capítulo XII. La Luz Del Mundo. -- Capítulo XIII. El Último Año. -- Capítulo XIV. La Última Semana (I) Del Domingo Al Martes. -- Capítulo XV. La Última Semana (II) Del Miércoles Al Jueves. -- Capítulo XVI. Arresto Y Condena (I) El Sanedrín. -- Capítulo XVII. Arresto Y Condena (II) La condena romana. -- Capítulo XVIII. La Crucifixión. -- Capítulo XIX. «No Busquéis Entre Los Muertos Al Que Vive». -- Capítulo XX. Hasta lo último de la tierra. -- Conclusión. Más Que Un Rabino. -- Apéndice I. Las Fuentes Extrabíblicas Sobre Jesús.. -- Apéndice II:Algunas Cuestiones. -- Relacionadas Con El Nacimiento De Jesús. -- Apéndice III. Jesús Y Las Profecías Mesiánica. -- Bibliografía | ||
| 506 | _aPréstamo en biblioteca del libro físico | ||
| 506 | _aSolicitar clave y usuario para acceder al libro electrónico. | ||
| 506 | _aLibro multiusuario. | ||
| 650 | 7 |
_9239 _aCristología |
|
| 856 |
_b2363589 _uhttp://search.ebscohost.com/login.aspx?direct=true&scope=site&db=nlebk&db=nlabk&AN=2363589 _zAbrir Versión electrónica del libro Más que un rabino |
||
| 942 | _cBK | ||
| 945 | _aJTF-925 | ||